Valtioketju - Statistics

Yleistilastot
  • Tätä visaa on pelattu 1 275 kertaa
  • Keskiarvotulos 13 / 20
Vastaustilastot
Vihje Valtio % Oikein
Koala ja kenguru kuuluvat sen eläinlajistoon Australia
99%
Tunnetaan vuonoistaan Norja
86%
Niilin suisto sijaitsee tässä valtiossa Egypti
82%
Valtio Himalajalla Nepal
81%
Puukengistä tunnettu valtio Alankomaat
77%
Läntisen pallonpuoliskon väkirikkain valtio Yhdysvallat
73%
Guyanan naapurimaa Suriname
71%
Beninin naapurimaa Togo
71%
Muinainen Babylonin kaupunki sijaitsi tämän valtion alueella Irak
69%
Ainoa valtio, jossa heprea on virallinen kieli Israel
69%
Indokiinassa sijaitseva valtio Laos
69%
Ainoa tällä kirjaimella alkava valtio Oman
67%
Osmanien valtakunnan seuraajavaltio Turkki
64%
Sen pääkaupunki on Montevideo Uruguay
62%
Venäjä hyökkäsi tähän valtioon vuonna 2008 Georgia
57%
Unikon suurin tuottajavaltio Afganistan
56%
11 tuhannen asukkaan valtio Tyynellämerellä Tuvalu
55%
Yllä oleva valtasi tämän valtion 1991 Kuwait
54%
Sen pääkaupunki on samanniminen kuin valtio Luxemburg
48%
Sen paikallinen nimi tarkoittaa "hopeista" latinaksi Argentiina
36%
Ehtoja vastaavia visoja ei löytynyt
Tulosjakauma
Jokaisen tuloksen saaneiden osuus
Persentiili vastausten määrän mukaan
Tuloshistoriasi
Et ole pelannut tätä visaa